000 00525nam a2200181Ia 4500
003 OSt
005 20200212102105.0
008 190216s9999||||xx |||||||||||||| ||und||
040 _coclc
082 _a910.4
_bABD/I
100 _aAbdulaziz, Mankada
_91924
245 0 _aIbnu Bathutayude Sanchara Kathakal /
_cMankada Abdulaziz
250 _a4th ed.
260 _bAl Huda Book Stall,
_aCalicut:
_c2012.
300 _a216p
650 _xIslamic History
942 _cBK
_2ddc
_h910.4
_iABD/I
_k910.4
_mABD/I
999 _c23043
_d23043